[Event "Oldie Master Turnier"]
[Site "?"]
[Date "2006.08.13"]
[Round "5"]
[White "Sensory 9, Fidelity"]
[Black "Sensory 12, Fidelity"]
[Result "0-1"]
[WhiteElo "1570"]
[BlackElo "1680"]
[Annotator "Bernhard Lederwasch"]
[PlyCount "82"]
[EventDate "2006.06.17"]
[SourceDate "2006.06.17"]

1. Nf3 Nf6 2. g3 g6 3. b4 d5 4. Bg2 Bf5 5. O-O e6 6. Ba3 Bd6 7. Nd4 Be5 8. Bb2
Bxd4 9. Bxd4 Nc6 10. Bc5 b6 11. b5 bxc5 12. bxc6 Qd6 13. f3 g5 14. Nc3 Qxc6 15.
Re1 c4 16. e4 Bg6 17. exd5 Qc5+ 18. Kh1 Nxd5 19. Nxd5 Qxd5 20. f4 Qd8 21. Bc6+
Ke7 22. Bxa8 Qxa8+ 23. Kg1 gxf4 24. gxf4 Rg8 25. Kf2 Be4 26. Rg1 Rxg1 27. Kxg1
Qd5 28. Rc1 Qd4+ 29. Kf1 Bc6 30. f5 Qf4+ 31. Kg1 Qg5+ 32. Kf2 Qxf5+ 33. Kg3
Qg5+ 34. Kf2 Qg2+ 35. Ke3 Qxh2 36. Kd4 Qf4+ 37. Kc3 Qe5+ 38. Kxc4 Bd5+ 39. Kb4
Qb2+ 40. Ka5 Qa3+ 41. Kb5 c6# 0-1

[Event "Oldie Master Turnier"]
[Site "?"]
[Date "2006.09.03"]
[Round "6"]
[White "Constellation 2 Mhz, Novag"]
[Black "Sensory 12, Fidelity"]
[Result "1-0"]
[WhiteElo "1597"]
[BlackElo "1680"]
[Annotator "Bernhard Lederwasch"]
[PlyCount "57"]
[EventDate "2006.06.17"]
[SourceDate "2006.06.17"]

1. e4 c5 2. Nf3 d6 3. d4 cxd4 4. Nxd4 Nf6 5. Nc3 e6 6. Bc4 Nc6 7. Be3 Be7 8.
Qe2 O-O 9. O-O Nxd4 10. Bxd4 d5 11. Rfd1 Bb4 12. Bxf6 Qxf6 13. exd5 Bxc3 14.
bxc3 exd5 15. Bxd5 Qxc3 16. Qe7 h5 17. Rac1 Qb2 18. h3 g6 19. c3 a5 20. a3 Ra7
21. Qf6 Be6 22. Bxe6 fxe6 23. Qxg6+ Kh8 24. Qxh5+ Kg7 25. Rd7+ Kf6 26. Qh6+ Kf5
27. g4+ Ke5 28. Re1+ Qe2 29. Rxe2# 1-0

[Event "Oldie Master Turnier"]
[Site "?"]
[Date "2006.09.04"]
[Round "6"]
[White "Mephisto II (Brikett)"]
[Black "MGS Morphy Edition, Chafitz"]
[Result "1-0"]
[WhiteElo "1520"]
[BlackElo "1500"]
[Annotator "Bernhard Lederwasch"]
[PlyCount "65"]
[EventDate "2006.06.17"]
[SourceDate "2006.06.17"]

1. d4 d5 2. c4 e6 3. Nf3 dxc4 4. e4 b5 5. a4 Bd7 6. b3 cxb3 7. axb5 Bb4+ 8.
Nbd2 Bc3 9. Rb1 Bc8 10. Rxb3 Bxd4 11. Nxd4 Qxd4 12. Bb2 Qa4 13. Bxg7 Nd7 14.
Bxh8 Nc5 15. Qc2 Nxb3 16. Qc6+ Kd8 17. Be5 Nxd2 18. Bxc7+ Ke7 19. Bd6+ Kf6 20.
e5+ Kf5 21. Qxa8 Qe4+ 22. Qxe4+ Nxe4 23. Bb8 a5 24. bxa6 Ne7 25. f3 Nc3 26. a7
Bb7 27. Bd3+ Kf4 28. Kd2 Ncd5 29. Ra1 Nb6 30. Bc7 Nd7 31. Ra4+ Kg5 32. Bd8 Kh6
33. Bxe7 1-0

[Event "Oldie Master Turnier"]
[Site "?"]
[Date "2006.09.07"]
[Round "6"]
[White "GGM Steinitz"]
[Black "Sensory 9, Fidelity"]
[Result "1-0"]
[WhiteElo "1580"]
[BlackElo "1570"]
[Annotator "Bernhard Lederwasch"]
[PlyCount "59"]
[EventDate "2006.06.17"]
[SourceDate "2006.06.17"]

1. e4 e5 2. Nf3 Nc6 3. Bc4 Nf6 4. Ng5 d5 5. exd5 Na5 6. Bb5+ c6 7. dxc6 bxc6 8.
Be2 h6 9. Nf3 e4 10. Ne5 Bd6 11. d4 exd3 12. Nxd3 Qc7 13. h3 O-O 14. O-O Bf5
15. Bd2 Nc4 16. b3 Nxd2 17. Nxd2 Nd5 18. Bg4 Bxd3 19. cxd3 Bh2+ 20. Kh1 Be5 21.
Rc1 Rae8 22. Qf3 Qa5 23. Rxc6 Qxa2 24. Nc4 Nb4 25. Nxe5 Rxe5 26. Rc7 f5 27. Qb7
Nxd3 28. Rxg7+ Kh8 29. Rh7+ Kg8 30. Qg7# 1-0

[Event "Oldie Master Turnier"]
[Site "?"]
[Date "2006.09.10"]
[Round "6"]
[White "Super Constellation, Novag"]
[Black "Chess 2001, CXG."]
[Result "1-0"]
[WhiteElo "1731"]
[BlackElo "1550"]
[Annotator "Bernhard Lederwasch"]
[PlyCount "67"]
[EventDate "2006.06.17"]
[SourceDate "2006.06.17"]

1. e4 c5 2. Nf3 e6 3. d4 cxd4 4. Nxd4 a6 5. Nc3 Qc7 6. Bd3 Nf6 7. O-O Bc5 8.
Nb3 Bd6 9. f4 Bc5+ 10. Kh1 d6 11. Qe2 Nbd7 12. Nxc5 Qxc5 13. Rd1 O-O 14. Be3
Qc6 15. Bf2 e5 16. f5 Nc5 17. g4 Nxd3 18. Rxd3 Rd8 19. Bh4 Qb6 20. Nd5 Qxb2 21.
Nxf6+ gxf6 22. Rad1 Rd7 23. Bxf6 Qxa2 24. Bxe5 dxe5 25. Rxd7 Bxd7 26. Rxd7 b5
27. Qd2 Re8 28. Qg5+ Kh8 29. Rc7 b4 30. Qh6 Kg8 31. f6 Qb1+ 32. Kg2 Qxc2+ 33.
Rxc2 b3 34. Qg7# 1-0

[Event "Oldie Master Turnier"]
[Site "?"]
[Date "2006.09.13"]
[Round "6"]
[White "Prodigy Destiny"]
[Black "Conchess"]
[Result "1/2-1/2"]
[WhiteElo "1570"]
[BlackElo "1600"]
[Annotator "Bernhard Lederwasch"]
[PlyCount "131"]
[EventDate "2006.06.17"]
[SourceDate "2006.06.17"]

1. e4 e5 2. Nf3 Nc6 3. Bb5 Nd4 4. Nxd4 exd4 5. d3 Bc5 6. Qh5 Bb4+ 7. Bd2 Bxd2+
8. Nxd2 c6 9. Qe5+ Kf8 10. Bc4 Qf6 11. Qxf6 Nxf6 12. O-O b5 13. Bb3 Bb7 14. Nf3
c5 15. Ne5 d5 16. exd5 Bxd5 17. Bxd5 Nxd5 18. Nd7+ Ke7 19. Nxc5 Rhc8 20. Rae1+
Kf8 21. Nd7+ Kg8 22. Re5 Nf4 23. Nc5 f6 24. Rf5 Ng6 25. Ne6 Rxc2 26. Rxb5 Rd2
27. Rb7 Rxd3 28. Rxg7+ Kh8 29. Rf7 Rd2 30. Rxf6 Rxb2 31. Nxd4 Rd2 32. Rd6 Rxa2
33. Re1 a5 34. g3 Rd2 35. Ree6 Rd1+ 36. Kg2 a4 37. f4 a3 38. Nc2 Rxd6 39. Rxd6
a2 40. Na1 Ne7 41. Rd7 Nf5 42. Kf3 Ra4 43. Rd5 Ra3+ 44. Ke4 Ne3 45. Rd8+ Kg7
46. Rd7+ Kg6 47. Rd6+ Kf7 48. Rd7+ Kg6 49. Rd6+ Kf7 50. Rh6 Kg7 51. Rd6 Ng4 52.
Rd7+ Kg6 53. Rd6+ Nf6+ 54. Kd4 Kf5 55. Rc6 Ra4+ 56. Kd3 Ne4 57. Rc7 Ra3+ 58.
Kd4 Ra4+ 59. Ke3 Ra3+ 60. Kd4 Ra4+ 61. Kd3 Ra3+ 62. Kd4 Ra4+ 63. Ke3 Ra3+ 64.
Kd4 Ra4+ 65. Kd3 Ra3+ 66. Kd4 1/2-1/2

[Event "Oldie Master Turnier"]
[Site "?"]
[Date "2006.09.14"]
[Round "6"]
[White "Mephisto III (Brikett)"]
[Black "Constellation 3.6 Mhz, Novag"]
[Result "0-1"]
[WhiteElo "1464"]
[BlackElo "1648"]
[Annotator "Bernhard Lederwasch"]
[PlyCount "88"]
[EventDate "2006.06.17"]
[SourceDate "2006.06.17"]

1. e4 e5 2. Nf3 Nc6 3. Bc4 Bc5 4. d3 Nf6 5. c3 d5 6. exd5 Nxd5 7. Qe2 Bg4 8. d4
Bb6 9. dxe5 O-O 10. O-O Re8 11. Qd3 Bxf3 12. Qxf3 Rxe5 13. Rd1 Qe7 14. Bd2 Qc5
15. Na3 Rd8 16. Re1 Nf6 17. Rad1 Rxd2 18. Rxd2 Rxe1+ 19. Bf1 Ne4 20. Rc2 Nxf2
21. Rxf2 Qxf2+ 22. Qxf2 Ra1 23. Qxb6 cxb6 24. Nb5 Rxa2 25. b3 Rd2 26. h4 a6 27.
Nc7 b5 28. c4 bxc4 29. Bxc4 Nb4 30. h5 b5 31. Bf1 Rb2 32. h6 gxh6 33. Ne8 f5
34. Nd6 f4 35. Nf5 Rxb3 36. Ne7+ Kf7 37. Nf5 Kf6 38. Nxh6 Rg3 39. Be2 Kg6 40.
Ng4 Kf5 41. Nh6+ Kg5 42. Nf7+ Kf6 43. Nh6 a5 44. Bxb5 Rg6 0-1

[Event "Oldie Master Turnier"]
[Site "?"]
[Date "2006.09.17"]
[Round "6"]
[White "MB Bradley Phantom"]
[Black "MK III, Novag"]
[Result "1-0"]
[WhiteElo "1500"]
[BlackElo "1375"]
[Annotator "Bernhard Lederwasch"]
[PlyCount "37"]
[EventDate "2006.06.17"]
[SourceDate "2006.06.17"]

1. c4 d5 2. cxd5 Qxd5 3. Nc3 Qd4 4. Nf3 Qd6 5. d4 Bf5 6. e4 Bd7 7. e5 Qg6 8. d5
h5 9. Bg5 a5 10. Bd3 Bf5 11. Qa4+ Kd8 12. Bxf5 Qxf5 13. Qb3 Kc8 14. O-O-O Ra6
15. Qc4 Nd7 16. Nb5 Qxg5+ 17. Nxg5 Nc5 18. Qxc5 Rhh6 19. Qxc7# 1-0

[Event "Oldie Master Turnier"]
[Site "?"]
[Date "2006.09.18"]
[Round "6"]
[White "Chess-Master Diamond, RFT."]
[Black "CC Champion, Fidelity"]
[Result "0-1"]
[WhiteElo "1450"]
[BlackElo "1550"]
[Annotator "Bernhard Lederwasch"]
[PlyCount "70"]
[EventDate "2006.06.17"]
[SourceDate "2006.06.17"]

1. f4 d5 2. Nf3 Nf6 3. e3 g6 4. Be2 Bg7 5. O-O O-O 6. Ne5 Bf5 7. g4 Bd7 8. Nxd7
Nbxd7 9. Nc3 Nc5 10. d4 Nce4 11. g5 Nxc3 12. bxc3 Ne4 13. Bd2 Qd6 14. Rb1 Qc6
15. Rb3 a5 16. Bb5 Qd6 17. Bd3 Nxd2 18. Qxd2 b6 19. e4 c5 20. e5 Qc7 21. dxc5
bxc5 22. Be2 Qa7 23. c4 a4 24. Rg3 d4 25. Bf3 Rab8 26. Qe2 Rb2 27. a3 Qb6 28.
Be4 Qa6 29. Rd1 Rfb8 30. Rd2 Rb1+ 31. Rd1 Rxd1+ 32. Qxd1 Qxc4 33. Qd2 Rb1+ 34.
Qe1 Rxe1+ 35. Kf2 Qe2# 0-1

[Event "Oldie Master Turnier"]
[Site "?"]
[Date "2006.09.22"]
[Round "6"]
[White "CC Sensory Voice, Fidelity"]
[Black "Mark V, Scisys"]
[Result "0-1"]
[WhiteElo "1394"]
[BlackElo "1530"]
[Annotator "Bernhard Lederwasch"]
[PlyCount "83"]
[EventDate "2006.06.17"]
[SourceDate "2006.06.17"]

1. e4 c5 2. Nf3 Nc6 3. d4 cxd4 4. Nxd4 Nf6 5. Nc3 e5 6. Nf5 d6 7. Bb5 a6 8.
Bxc6+ bxc6 9. O-O d5 10. Ng3 Be7 11. Re1 d4 12. Nce2 O-O 13. Bg5 Rb8 14. b3 Bb4
15. Bd2 Bxd2 16. Qxd2 Bg4 17. f3 Be6 18. Qg5 Qb6 19. Qxe5 d3+ 20. Nd4 dxc2 21.
Re3 Rfe8 22. Nxc2 Bxb3 23. Qxe8+ Nxe8 24. axb3 Qc5 25. Rc1 Rxb3 26. Nf5 Rc3 27.
Ne7+ Kf8 28. Nf5 Rxc2 29. Rxc2 Qxc2 30. g4 c5 31. e5 g6 32. Ng3 Kg7 33. e6 Qd1+
34. Kf2 Qd2+ 35. Re2 Qd4+ 36. Kg2 fxe6 37. Rxe6 Qd2+ 38. Kh1 Nd6 39. Re7+ Nf7
40. Ne4 Qe2 41. Kg1 Kf8 42. Re6 0-1